| 000 | 00591nam a22001937a 4500 | ||
|---|---|---|---|
| 003 | OSt | ||
| 005 | 20160617130231.0 | ||
| 008 | 160617b xxu||||| |||| 00| 0 eng d | ||
| 020 | _a1560326158 | ||
| 040 | _cDNLM. | ||
| 082 | _aREFQV T6681997. | ||
| 100 |
_aEdited by,Ryan,p.Robert;Terry,E.Cloude; _99468 |
||
| 245 |
_aToxicology Desk Reference: _bThe Toxic Exposure and Medical Monitoring Index. |
||
| 260 |
_aLondon. _bTaylor and Francis. _c1997. |
||
| 300 |
_a1645,2413; _bill; _c329cm. |
||
| 504 | _aGlossary and Index are included. | ||
| 650 |
_aToxicology. _99469 |
||
| 942 |
_2z _cO_SHELF |
||
| 999 |
_c4401 _d4401 |
||